New Zealand Citizenship Test - Statistics

General Stats
  • This quiz has been taken 17 times
  • The average score is 6 of 10
Answer Stats
Question Answer % Correct
What can you say to make a New Zealander angry? Australia made the pavlova
100%
What is the most expensive advertising campaign ever made to attract tourists to NZ? The Lord of the Rings
100%
What is the distance IN KILOMETRES between Auckland and Wellington? Hint: it's roughly 400 miles. 650 kilometres
80%
What is the nickname of New Zealand's Parliament Building? The Beehive
73%
If someone in New Zealand refers to "togs", what are they talking about? Swimwear
67%
Which of these is a real New Zealand "sport"? Gumboot Throwing
53%
New Zealanders love a good bach. But what is a bach? Holiday Home
40%
Which is NOT a real product of New Zealand? Kōwhai Wax
20%
Which of these ISN'T a real roadside attraction in New Zealand? The Giant Milk Carton
20%
How many international airports does New Zealand have? 6
13%
No matching quizzes found
Score Distribution
Percent of People with Each Score
Percentile by Number Answered
Your Score History
You have not taken this quiz